|
|
|
|
| LEADER |
007500000a22002530004500 |
| 020 |
|
|
|a 81-7276-039-6
|
| 082 |
|
|
|a 920 GAN N43
|
| 100 |
|
|
|a Kokandakar, J R; Author
|
| 245 |
|
|
|a Prelude to the search of truth
|
| 250 |
|
|
|
| 260 |
|
|
|a Mumbai, Bharatiya Vidya Bhavan
|e 2009
|
| 260 |
|
|
|c 1994
|
| 460 |
|
|
|a xv,78p
|
| 465 |
|
|
|a Rs.50.00
|
| 500 |
|
|
|a J R Kokandakar
|
| 650 |
|
|
|a Gandhi, Mahatma-Biography
|
| 650 |
|
|
|a Gandhi, Mahatma-Teachings
|
| 650 |
|
|
|a India-History-Partition
|
| 650 |
|
|
|a Nonviolence
|
| 650 |
|
|
|a Satyagraha
|
| 650 |
|
|
|a Untouchability
|
| 942 |
|
|
|c BK
|
| 999 |
|
|
|c 41413
|d 41413
|
| 952 |
|
|
|0 0
|1 0
|4 0
|6 920_000000000000000_GAN_N43
|7 0
|8 ENG
|9 41985
|a MGUL
|b MGUL
|d 2013-07-16
|e Rs.50.00
|l 0
|o 920 GAN N43
|p 39911
|r 2013-07-16
|w 2013-07-16
|y BK
|